000 04173cam a22004814i 4500
003 PE-LiUPU
005 20250731173419.0
008 150706s2007 miu r 000 0 spa d
020 _a9780825415951
035 _a(Sirsi) i9780825415951
040 _aPE-LiUPU
_bspa
_cPE-LiUPU
_erda
049 _aPRUA
082 0 4 _a251.02
_bP51
_221
100 1 _aPhillips, John,
_d1927- ,
_eautor.
245 1 0 _a100 Bosquejos de sermones del Antiguo Testamento /
_cJohn Phillips.
246 3 _aCien bosquejos de sermones del antiguo testamento
264 1 _aGrand Rapids :
_bPortavoz,
_c2007.
300 _as. páginas ;
_c22 centímetros
336 _atext
_2rdacontent
337 _aunmediated
_2rdamedia
338 _avolume
_2rdacarrier
505 0 _aCreación y filosofía -- Tres árboles -- La caída del hombre -- El primer juicio -- La primera religión falsa -- El guarda de mi hermano -- Nuestro caminar con Dios -- Un candidato para el rapto -- La época de Noé -- Predicar en vano -- Noé el profeta -- La obra de Dios en una vida humana -- Los primeros pasos de un creyente -- El reincidente -- El creyente mundano -- La condena de Sodoma -- La recompensa de confiar en Dios -- Los patriarcas como padres -- Idolatría -- De la pobreza a la riqueza -- Las últimas palabras de Jacob -- La soberanía de Dios en una vida -- El faraón contra Dios -- La pascua judía -- Los primeros pasos del creyente -- El cántico de Moisés -- Los diez mandamientos -- El tribunal del tabernáculo -- Los lugares sagrados del tabernáculo -- El sacerdote del Antiguo Testamento -- Las cinco ofrendas -- Las siete fiestas -- La decisión fatal -- Los cinco libros de Moisés -- Las seis ciudades de refugio -- El cordón de grana -- Los jueces -- El hombre que brillaba como el sol -- La redención de una pagana -- Cuidado con reincidir -- La reincidente redimida -- Requisitos de un estadista -- Abigail -- Abner: general de Saúl -- El general de David -- Gracia soberana -- El paganismo desenmascarado -- Prioridades erróneas -- Naamán el leproso -- Los frutos del pecado -- El hacha sí flota -- Los hombres de Isacar -- Un santo escondido -- Las puertas de Jerusalén -- Un santo que sufre -- Como un árbol -- El salmo del ateo -- Tres necios -- Dios de la creación -- En cuanto a mí -- La ciudad pequeña -- Más blancos que la nieve -- ¡Ay! -- El llamado del misionero -- El llamado de Isaías -- Cuidado con el ocultismo -- Porque un niño nos es nacido -- Ven tú, Rey Todopoderoso -- El renacimiento del estado de Israel -- La caída de Lucifer -- El Antiguo Testamento y las "lenguas" -- El capítulo prohibido -- Herido por mí -- El Cristo rechazado -- Los sufrimientos de Cristo -- La muerte violenta del Señor -- La sepultura de Jesús -- La resurrección de Jesús -- La ascensión del Señor -- El segundo advenimiento de Cristo -- A todos los sedientos -- Buscad a Jehová -- La invencible Palabra de Dios -- La visión de la cruz de Jeremías -- Cómo vivir en victoria -- Una vida más profunda -- Un misionero renuente -- Un profeta gentil -- El pigmeo gigante -- Los nombres de Dios -- Esta generación -- El incienso -- El pacto del Edén -- El pacto de Adán -- El pacto de Noé -- El pacto de Abraham -- El pacto de Moisés -- El pacto de Palestina -- El pacto de David -- El nuevo pacto.
526 _aSEG42
526 _aSEG41
526 _aSEG40
526 _aSEG39
526 _aP94
526 _aP87
526 _aP86
526 _aP85
526 _aP77
526 _aP76
526 _aP35
541 _g001-0000583;
630 _aBiblia.
_pA.T.
_xSermones.
630 _aBiblia.
_pA.T.
_xHomilética.
910 _agl
_cjck
_d20120608
942 _2ddc
_cBOOK
949 _a251.02 P51
_wDEWEY
_c1
_i64903
_lCCODEBUL1
_mBUL
_p12.00
_r0
_sY
_tBOOK
_u2015-7-6
_xTEOLOGIA
_PP35
_o.STAFF. Colección General
994 _aC0
_bPEPRU
596 _a1
999 _a251.02 P51
_wDEWEY
_c53612
_i64903
_d53612
_e2017-5-23
_f2021-11-10
_g5
_lCCODEBUL1
_mBUL
_n3
_p12.00
_q4
_r0
_sY
_tBOOK
_u2015-7-6
_xTEOLOGIA
_PP35
_0COMPRA
_o.STAFF. Colección Teología
980 _81
_gALBERTO SANCHEZ Responsable de Automatización